All Dark type Pokémon - Statistics

General Stats
  • This quiz has been taken 199 times
    151 since last reset
  • The average score is 60 of 79
Answer Stats
Type Generation Pokémon % Correct
Dark-Ice 2 Sneasel
97%
Dark-Fire 2 Houndoom
95%
Dark-Fire 2 Houndour
95%
Dark-Flying 2 Murkrow
95%
Dark-Ghost 3 Sableye
95%
Dark-Ice 4 Weavile
94%
Dark-Flying 4 Honchkrow
92%
4 Darkrai
91%
Dark-Dragon 5 Deino
91%
3 Mightyena
91%
3 Poochyena
91%
Ghost-Dark 4 Spiritomb
91%
Dark-Dragon 5 Hydreigon
90%
Ground-Dark 5 Krookodile
90%
Grass-Dark 3 Nuzleaf
90%
Ground-Dark 5 Sandile
90%
Grass-Dark 3 Shiftry
90%
2 Umbreon
90%
Water-Dark 3 Carvanha
89%
Ground-Dark 5 Krokorok
89%
Rock-Dark 2 Tyranitar
89%
Dark-Dragon 5 Zweilous
89%
Water-Dark 3 Sharpedo
87%
Poison-Dark 4 Drapion
85%
Dark-Psychic 6 Inkay
85%
Dark-Fighting 5 Scrafty
85%
Dark-Fighting 5 Scraggy
85%
Water-Dark 6 Greninja
84%
Dark-Psychic 6 Malamar
84%
Poison-Dark 4 Skuntank
84%
Poison-Dark 4 Stunky
84%
Dark-Normal 8 Galarian Zigzagoon
82%
5 Purrloin
82%
Water-Dark 3 Crawdaunt
81%
5 Liepard
81%
Dark-Normal 8 Obstagoon
81%
Dark-Flying 6 Yveltal
81%
Dark-Normal 7 Alolan Raticate
80%
Dark-Normal 7 Alolan Rattata
80%
Dark-Normal 8 Galarian Linoone
80%
Dark-Fairy 8 Grimmsnarl
80%
Dark-Flying 5 Mandibuzz
80%
Dark-Steel 5 Pawniard
80%
Dark-Flying 5 Vullaby
80%
Dark-Steel 5 Bisharp
78%
Grass-Dark 3 Cacturne
77%
Fighting-Dark 6 Pangoro
77%
7 Alolan Meowth
76%
7 Alolan Persian
76%
Dark-Fairy 8 Impidimp
76%
Fire-Dark 7 Incineroar
76%
3 Absol
73%
Electric-Dark 8 Morpeko
73%
Poison-Dark 7 Alolan Grimer
71%
Poison-Dark 7 Alolan Muk
71%
Psychic-Dark 6 Hoopa (unbound)
68%
Dark-Fairy 8 Morgrem
68%
5 Zorua
68%
Dark-Dragon 7 Guzzlord
67%
Grass-Dark 9 Meowscarada
67%
5 Zoroark
67%
Dark-Steel 9 Kingambit
66%
Dark-Ice 9 Chien-Pao
62%
Flying-Dark 9 Bombirdier
58%
Bug-Dark 9 Lokix
57%
Dark-Fire 9 Chi-Yu
56%
Dark-Ground 9 Ting-Lu
56%
Dark-Grass 9 Wo-Chien
56%
Dark-Flying 9 Iron Jugulis
53%
Dragon-Dark 9 Roaring Moon
51%
Grass-Dark 9 Brute Bonnet
47%
Dark-Flying 8 Galarian Moltres
46%
Dark-Poison 8 Overqwil
46%
8 Thievul
46%
Dark-Poison 8 Hisuian Qwilfish
44%
9 Mabosstiff
43%
8 Nickit
42%
9 Maschiff
41%
Water-Dark 8 Hisuian Samurott
39%
No matching quizzes found
Score Distribution
Percent of People with Each Score
Percentile by Number Answered
Your Score History
You have not taken this quiz since the last reset